Communication electronics (Record no. 181332)
[ view plain ]
| 000 -LEADER | |
|---|---|
| fixed length control field | 01203 a2200193 4500 |
| 003 - CONTROL NUMBER IDENTIFIER | |
| control field | Nust |
| 005 - DATE AND TIME OF LATEST TRANSACTION | |
| control field | 20170207153210.0 |
| 020 ## - INTERNATIONAL STANDARD BOOK NUMBER | |
| International Standard Book Number | 0074515985 |
| 040 ## - CATALOGING SOURCE | |
| Transcribing agency | Nust |
| 082 ## - DEWEY DECIMAL CLASSIFICATION NUMBER | |
| Classification number | 621.381 |
| 100 ## - MAIN ENTRY--PERSONAL NAME | |
| Personal name | N D Deshpande |
| 245 ## - TITLE STATEMENT | |
| Title | Communication electronics |
| Statement of responsibility, etc. | N D Deshpande & D A Deshpande |
| 260 ## - PUBLICATION, DISTRIBUTION, ETC. | |
| Place of publication, distribution, etc. | Tata McGraw-Hill Company |
| Name of publisher, distributor, etc. | New Delhi |
| Date of publication, distribution, etc. | 2002 |
| 300 ## - PHYSICAL DESCRIPTION | |
| Extent | 418 p |
| Other physical details | illus |
| Dimensions | 24 cm |
| 505 ## - FORMATTED CONTENTS NOTE | |
| Formatted contents note | Importance of communication Electronics (Page-1) Equivalent Circuits and Effectives Parameters of communications (Page-12) Amplitude Modulation (Page-31) Frequency and Phase Modulation (Page-62) Demodulation of AM and FM Waves (Page-83) Analog (AM and FM) Transmission Systems (Page-101) Radio Receiver (Page-126) Introduction to television systems (Page-174) Camera and Picture tube (Page-191)Scanning Synchronization and Composites Video Signal (Page-209) TV Receivers and Transmitters (Page-228) Digital and data communication (Page-264) Radar Communication (Page-288) Transmission lines and Antenna (Page-305) Wave Propagation (Page-343) Satellite in Communication and Global TV Series (Page-365) |
| 538 ## - SYSTEM DETAILS NOTE | |
| System details note | Almirah No. 32 Shelf No. 5 |
| 600 ## - SUBJECT ADDED ENTRY--PERSONAL NAME | |
| Personal name | N D Deshpande |
| 650 ## - SUBJECT ADDED ENTRY--TOPICAL TERM | |
| Topical term or geographic name entry element | Communication electronics |
| 942 ## - ADDED ENTRY ELEMENTS (KOHA) | |
| Source of classification or shelving scheme | |
| Koha item type | Book |
| Withdrawn status | Lost status | Source of classification or shelving scheme | Damaged status | Not for loan | Collection code | Permanent Location | Current Location | Date acquired | Total Checkouts | Full call number | Barcode | Date last seen | Price effective from | Koha item type |
|---|---|---|---|---|---|---|---|---|---|---|---|---|---|---|
| Military College of Signals (MCS) | Military College of Signals (MCS) | 12/12/2016 | 621.381 DES | MCS30637 | 12/08/2016 | 12/12/2016 | Book |
